000
00228nam a2200097Ia 4500
001
659091
005
20250826154648.0
008
250824s9999 xx 000 0 und d
245
0
_a
BU ÜLKE
_c
CEMİL MERİÇ
260
_b
İLETİŞİM
999
_c
659091
_d
659091